| 000 | 01411nam1a2200289 i 4500 | ||
|---|---|---|---|
| 001 | RU\NLR\bibl\1088387 | ||
| 005 | 20260407134423.0 | ||
| 035 | _a(NLR Aleph) 001075544 | ||
| 090 |
_a1025817 _c1025817 |
||
| 100 | _a20070521g20069999u y0rusy50 ca | ||
| 101 | 0 | _arus | |
| 102 | _aRU | ||
| 105 | _a||||j ||||| | ||
| 200 | 1 |
_aПерспективы развития модных тенденций в одежде. Мода... _eучебное пособие _fФедер. агентство по образованию, Ом. гос. ин-т сервиса, Каф. конструирования швейн. изделий _g[Ж.А. Фот и др.] |
|
| 210 |
_aОмск _cОмский государственный институт сервиса _d2006 |
||
| 215 | _d29 | ||
| 463 | 0 | _10011060720 | |
| 606 | 1 |
_aОдежда _jУчебные издания для высших учебных заведений _xМодели _9955982 _3RU\NLR\auth\66356280 |
|
| 686 | _aМ4-2я73-1 | ||
| 702 | 1 |
_aФот _bЖ. А. _gЖанна Андреевна _4220 |
|
| 712 | 0 | 2 |
_4570 _aОмский государственный институт сервиса _bКафедра конструирования швейных изделий _9664025 _3RU\NLR\AUTH\8810080904 |
| 801 | 0 |
_aRU _bNLR _c20070521 _gRCR |
|
| 801 | 1 |
_aRU _bNLR _c20070521 |
|
| 852 |
_aNLR _j2007-8/928 |
||
| 942 | _cBOOK | ||